Pre prax a spolu s praxou

Interview s dekanom Fakulty hospodárskej informatiky EU v Bratislave prof. Ing. Stojanom Russevom, PhD. Fakulta bola založená pred 37 rokmi, jej charakteristické rysy v súčasnosti. Počet študentov, odbornosť študentov, ktorí po absolvovaní štúdia odchádzajú do praxe. Spolupráca študentov a učiteľov...

ver descrição completa

Na minha lista:
Detalhes bibliográficos
Autor principal: Hvizdoš, Ladislav
Outros Autores: Russev, Stojan Todorov
Formato: Capítulo de Livro
Idioma:eslovaco
Assuntos:
Tags: Adicionar Tag
Sem tags, seja o primeiro a adicionar uma tag!

MARC

LEADER 00000naa$a2200000$$$4500
001 0039794
005 20240502071505.2
041 0 |a slo 
044 |a SK 
245 1 0 |a Pre prax a spolu s praxou  |c Stojan Todorov Russev 
520 |a Interview s dekanom Fakulty hospodárskej informatiky EU v Bratislave prof. Ing. Stojanom Russevom, PhD. Fakulta bola založená pred 37 rokmi, jej charakteristické rysy v súčasnosti. Počet študentov, odbornosť študentov, ktorí po absolvovaní štúdia odchádzajú do praxe. Spolupráca študentov a učiteľov so zahraničím. Priority uplatňované vo vedeckovýskumnej činnosti. Ambícia fakulty vytvoriť informačný systém na podporu riadenia univerzít a fakúlt, služby a úlohy, ktoré je potrebné z tohto dôvodu automatizovať. O novom časopise Ekonomika a informatika. Čo bude pre fakultu najdôležitejšie v ďalšej perspektíve. 
610 2 0 |a Ekonomická univerzita v Bratislave 
610 2 0 |a informatika ekonomická 
610 2 0 |a vzdelanie vysokoškolské 
610 2 0 |a študenti 
610 2 0 |a spolupráca vedecká medzinárodná 
610 2 0 |a systémy riadenia 
610 2 0 |a automatizácia riadenia 
100 1 |a Hvizdoš, Ladislav 
700 1 |a Russev, Stojan Todorov